| 000 | 004410000a22001810004500 | ||
|---|---|---|---|
| 003 | MACL | ||
| 005 | 20160102115135.0 | ||
| 008 | 160102b xxu||||| |||| 00| 0 eng d | ||
| 040 |
_aMACL _cMACL |
||
| 041 | _aEnglish | ||
| 082 | _a610/SHA | ||
| 100 |
_aAbdul, Hakeem H. _926821 |
||
| 245 | _aHome Remedies | ||
| 260 |
_bOrient parerbacks _c1988 _aNew Delhi |
||
| 350 | _a40 | ||
| 650 |
_aMedical Science _926822 |
||
| 942 |
_cBK _k610/Sah _2ddc |
||
| 999 |
_c34000 _d34000 |
||